|
|
|
|
| LEADER |
00000cam a22000004a 4500 |
| 001 |
musev2_58873 |
| 003 |
MdBmJHUP |
| 005 |
20230905050039.0 |
| 006 |
m o d |
| 007 |
cr||||||||nn|n |
| 008 |
180503s2018 mau o 00 0 eng d |
| 020 |
|
|
|a 9780262345828
|
| 020 |
|
|
|z 9780262037747
|
| 020 |
|
|
|z 026234582X
|
| 035 |
|
|
|a (OCoLC)1033673424
|
| 040 |
|
|
|a MdBmJHUP
|c MdBmJHUP
|
| 100 |
1 |
|
|a Ananny, Mike,
|e author.
|
| 245 |
1 |
0 |
|a Networked Press Freedom :
|b Creating Infrastructures for a Public Right to Hear /
|c Mike Ananny.
|
| 264 |
|
1 |
|a Cambridge, MA :
|b The MIT Press,
|c 2018.
|
| 264 |
|
3 |
|a Baltimore, Md. :
|b Project MUSE,
|c 2018
|
| 264 |
|
4 |
|c ©2018.
|
| 300 |
|
|
|a 1 online resource (312 pages).
|
| 336 |
|
|
|a text
|b txt
|2 rdacontent
|
| 337 |
|
|
|a computer
|b c
|2 rdamedia
|
| 338 |
|
|
|a online resource
|b cr
|2 rdacarrier
|
| 500 |
|
|
|a Based on the author's thesis (doctoral - Stanford University, Department of Communication, 2011) issued under title: A new way to think about press freedom : networked journalism and a public right to Hear in the Age of "Newsware."
|
| 505 |
0 |
|
|a Introduction -- What kind of press freedom does democracy need? -- How has the press historically made its freedom? -- How is networked press freedom a question of infrastructure? -- How free is the networked press? -- Conclusion.
|
| 520 |
|
|
|a Reimagining press freedom in a networked era: not just a journalist's right to speak but also a public's right to hear.
|
| 588 |
|
|
|a Description based on print version record.
|
| 650 |
|
7 |
|a Vernetzung
|2 gnd
|
| 650 |
|
7 |
|a Netzwerk
|2 gnd
|
| 650 |
|
7 |
|a Presse
|2 gnd
|
| 650 |
|
7 |
|a Demokratie
|2 gnd
|
| 650 |
|
7 |
|a Öffentlichkeit
|2 gnd
|
| 650 |
|
7 |
|a Journalismus
|2 gnd
|
| 650 |
|
7 |
|a Pressefreiheit
|2 gnd
|
| 650 |
|
7 |
|a Social media
|x Law and legislation.
|2 fast
|0 (OCoLC)fst01767818
|
| 650 |
|
7 |
|a Online journalism.
|2 fast
|0 (OCoLC)fst01200881
|
| 650 |
|
7 |
|a Freedom of the press.
|2 fast
|0 (OCoLC)fst00934063
|
| 650 |
|
7 |
|a Digital media
|x Law and legislation.
|2 fast
|0 (OCoLC)fst01766035
|
| 650 |
|
7 |
|a LAW
|x Public.
|2 bisacsh
|
| 650 |
|
7 |
|a LAW
|x Constitutional.
|2 bisacsh
|
| 650 |
|
6 |
|a Journalisme en ligne.
|
| 650 |
|
6 |
|a Liberte de la presse.
|
| 650 |
|
0 |
|a Social media
|x Law and legislation.
|
| 650 |
|
0 |
|a Digital media
|x Law and legislation.
|
| 650 |
|
0 |
|a Online journalism.
|
| 650 |
|
0 |
|a Freedom of the press.
|
| 655 |
|
7 |
|a Electronic books.
|2 local
|
| 710 |
2 |
|
|a Project Muse.
|e distributor
|
| 830 |
|
0 |
|a Book collections on Project MUSE.
|
| 856 |
4 |
0 |
|z Texto completo
|u https://projectmuse.uam.elogim.com/book/58873/
|
| 945 |
|
|
|a Project MUSE - Custom Collection
|
| 945 |
|
|
|a Project MUSE - 2018 Complete
|
| 945 |
|
|
|a Project MUSE - 2018 Political Science and Policy Studies
|